| 000 | 01336nac a22004097a 4500 | ||
|---|---|---|---|
| 001 | BR2015006588 | ||
| 003 | BR-BrBNA | ||
| 005 | 20240105124029.0 | ||
| 008 | 230509b bl.|||m| |||| 00| 0 por d | ||
| 040 |
_aBR-BrBNA _bpor _cBiblioteca Nacional de Agricultura |
||
| 072 | _aE16; E20; E72 | ||
| 090 | _a0312 BR2015006588 | ||
| 100 | 1 | _aHomma, A.K.O. | |
| 100 | 1 | _aMenezes, A.J.E.A. de | |
| 100 | 1 | _aMonteiro, K.F.G. | |
| 100 | 1 | _aSantos, J.C. dos | |
| 100 | 1 | _aRebello, F.K. | |
| 100 | 1 | _aCosta, D.H.M. | |
| 100 | 1 | _aGomes Júnior, R.A. | |
| 100 | 1 | _aSena, A.L. dos S. | |
| 100 | 1 | _aMota Júnior, K.J.A. de | |
| 110 | 1 | _aEMBRAPA Amazônia Oriental, Belém, PA (Brasil) | |
| 245 | 1 | _aIntegração grande EMBRAPA e Pequenos produtores de dendezeiro de Arauaí, município de Moju, Pará | |
| 260 | 3 |
_aBelém, PA (Brasil): _c2014. |
|
| 300 | _a40 p. | ||
| 490 |
_aBoletim de Pesquisa e Desenvolvimento - EMBRAPA Amazônia Oriental (Brazil) _vno. 92 _xISSN 1983-0483 |
||
| 500 | _aSummaries (En, Pt); 25 tables; 12 ref. | ||
| 650 | _aDENDÊ | ||
| 650 | _aPLANTA OLEAGINOSA | ||
| 650 | _aPRODUÇÃO AGRÍCOLA | ||
| 650 | _aUSO DA TERRA | ||
| 650 | _aMÃO-DE-OBRA | ||
| 650 | _aCOMERCIALIZAÇÃO | ||
| 650 | _aRENDA FAMILIAR | ||
| 909 |
_a202312 _bLúcia Elande _c55 _dLúcia Elande |
||
| 942 |
_2AGRIS _n0 _cMS |
||
| 999 |
_c298054 _d298054 |
||